Propuestas para la Educación Superior: Foro Aequalis y las transformaciones necesarias

Uloženo v:
Podrobná bibliografie
Hlavní autoři: Jiménez de la Jara, Mónica (Autor), Lagos Rojas, Felipe (Autor), Durán del Fierro, Francisco (Autor)
Médium: Kniha
Jazyk:španělština
Vydáno: Santiago INACAP 2011
Vydání:1a. ed
Témata:
Tagy: Přidat tag
Žádné tagy, Buďte první, kdo vytvoří štítek k tomuto záznamu!

MARC

LEADER 00000cam a2200000 a 4500
001 UCG8415
003 CL-VaPUC
008 111212e20110000CL |||||||||||||||||spa|d
020 |a 9789568336066 
082 0 4 |a 378.83  |b JIM  |2 21 
100 0 |a Jiménez de la Jara, Mónica  |e author  |9 559439 
700 0 |a Lagos Rojas, Felipe  |e author  |9 559440 
700 0 |a Durán del Fierro, Francisco  |e author  |9 559441 
245 1 0 |a Propuestas para la Educación Superior: Foro Aequalis y las transformaciones necesarias 
250 |a 1a. ed 
300 |a 275 p 
942 |c BK 
945 |d 20111212 00:00:00  |a cmena 
260 |a Santiago  |b INACAP  |c 2011 
650 0 |a Educación superior   |9 223851 
650 0 |a Calidad de la educación   |9 307271 
650 0 |a Igualdad de oportunidades  |9 331873 
651 7 |a CHILE  |2 CL-VaPUC  |9 559442 
583 |a last modification  |c 20111212 13:13:00  |k Rodrigo Vera 
999 |c 346025  |d 346023 
952 |0 0  |1 0  |4 0  |6 378_830000000000000_JIM_2011  |7 0  |8 A  |9 446475  |a BIBEDU  |b BIBEDU  |d 2019-11-22  |i 4812441  |o 378.83 JIM 2011  |p 4812441  |r 2019-11-22  |w 2019-11-22  |y BK  |k EDU 
952 |0 0  |1 0  |4 0  |6 378_830000000000000_JIM_2011  |7 0  |8 A  |9 446476  |a BIBEDU  |b BIBEDU  |d 2019-11-22  |i 481245K  |o 378.83 JIM 2011  |p 481245K  |r 2019-11-22  |w 2019-11-22  |y BK  |k EDU